Tilastot visalle Kanada-visa

Klikkaa tästä pelataksesi tätä visaa!

Yleistilastot

  • Tätä visaa on pelattu 123 kertaa
  • Keskiarvotulos 11 / 22

Vastaustilastot

VihjeVastaus% Oikein
PääkaupunkiOttawa
95%
Katsotuin urheilulajiJääkiekko
95%
Esine Kanadan lipussa{Vaahteran}lehti
95%
Väkirikkain kaupunkiToronto
86%
Yllä olevan väkirikkain kaupunkiMontreal
73%
Pääosin ranskankielinen provinssiQuebec
62%
Kanadan virallinen valtionjohtajaKuningatar Elisabet II
50%
Slangisana kanadalaiselleKanukki
49%
Vuonna 2015 valittu pääministeriJustin Trudeau
48%
Väkirikkain provinssiOntario
47%
KansallislauluO Canada
45%
Valtio, josta on tullut eniten ulkomailla syntyneitä asukkaitaKiina
42%
KansalliseläinMajava
39%
Lokakuun toisena maanantaina vietettävä juhlaKiitospäivä
39%
Vuosittaisen "Stampeden" järjestäjäkaupunkiCalgary
38%
Pienin provinssiPrinssi Edwardin saari
33%
Korkein vapaasti seisova rakennusCN Tower
29%
Viikinkien noin vuonna 1000 perustama asutus{Vin}land
27%
Suurin saariBaffininsaari
25%
Kanadalainen ruokalaji, joka koostuu
ranskanperunoista, kastikkeesta ja tuorejuustosta
Poutine
25%
Vanhin kansallispuitoBanff
20%
Kanadan yhden dollarin kolikossa oleva lintuKuikka
16%

Tulosjakauma

Persentiili vastausten määrän mukaan

Jokaisen tuloksen saaneiden osuus

Tuloshistoriasi

Et ole pelannut tätä visaa